• 首页
  • 本馆介绍
  • 公告通知
  • 最新文献
  • 馆藏检索
  • 电子资源
  • 读者荐购
  • 参考咨询
  • CALIS
  • 我的图书馆
  • 登录
  • 详细信息显示
  • 放入我的书架
  • 预约/预借图书
  • 作者相关作品
  • 分类相关作品
  • 丛书相关作品
  • 出版社相关作品

书目信息

  • 表格格式
  • 工作单格式
  • 卡片格式
题名:
顶天立地谈信仰 : 原来党课可以这么上
    
 
作者: 徐川 著
分册:  
出版信息: 北京   人民出版社  2017.08
页数: 275页
开本: 20cm
丛书名:
单 册:
中图分类: D261.42
科图分类:
主题词: 中国共产党
电子资源:
ISBN: 978-7-01-017987-2
 
 
 
 
 
000 00626nam0 2200193 450
001 2137367916
005 20211222102411.04
010    @a978-7-01-017987-2@dCNY39.00
100    @a20211222d2017 km y0chiy0120 ea
101 0  @achi
102    @aCN@b110000
200 1  @a顶天立地谈信仰 : 原来党课可以这么上@ADing Tian Li Di Tan Xin Yang:Yuan Lai Dang Ke Ke Yi Zhe Mo Shang@f徐川等著@FXu Chuan Deng Zhu
210    @a北京@c人民出版社@d2017.08
215    @a275页@d20cm
606 0  @a中国共产党
690    @aD261.42@v4
701  0 @a徐川@AXu Chuan@4著
801  0 @aCN@b大连网信软件有限公司图书馆·11@c20211222
905    @aZUCC@dD261.42@eX685
    
    顶天立地谈信仰 : 原来党课可以这么上/徐川等著.-北京:人民出版社,2017.08
    275页;20cm
    
    
    ISBN 978-7-01-017987-2:CNY39.00
    
●
相关链接 在E读中查询图书 在当当中查询图书 在豆瓣中查询图书


正题名:顶天立地谈信仰 : 原来党课可以这么上     索取号:D261.42/X685         预约/预借

序号 登录号 条形码 馆藏地/架位号 状态 备注
1 1503345   215033452   管理学院资料室/ [索取号:D261.42/X685] 在馆    
河南城建学院图书馆 欢迎您!
大连网信软件有限公司© 版权所有